Drapeaux de pays du monde #3 - Statistiques

Statistiques générales
  • Ce quiz a été pris 273 fois
  • Le résultat moyen est 15 sur 18
Statistiques - réponses
Par images Réponse % Correct
Suisse
100%
Belgique
98%
Turquie
98%
Algérie
97%
Tunisie
97%
Israel
96%
Liban
95%
Nepal
92%
Vatican
89%
Pakistan
87%
R.D. Congo
85%
Bhoutan
78%
Saint-Marin
78%
Azerbaïdjan
69%
Mauritanie
63%
Gabon
61%
Papouasie-Nouvelle-Guinée
60%
Niger
59%
Aucun quiz correspondant
Distribution des résultats
% des personnes avec chaque résultat
Percentile par nombre de réponses
Votre historique - résultats
Vous n’avez pas pris ce quiz